000 00340nam a2200133Ia 4500
008 240624s9999 xx 000 0 und d
041 _aeng
082 _a828 HAN
100 _aHANH TICH NHAT
245 _aTOGETHER WE ARE ONE HONORING OUR DIVERSI
260 _c2011
_aAhmedabad
_bJaico Books
300 _a247 : p. : cm. ; 24
365 _cRS
999 _c25842
_d25842